00748nam a2200181 a 4500001001000000003000900010005001700019008004100036040002500077082002100102110007700123245010400200260007800304300003800382650006700420650004900487700003000536000016893DO-SdBNP20250703135404.0100312s1998 dr ad r 000 0 spa d aDO-SdBNPbspacBNPHU a370.97293bR426e1 aRepública Dominicana.bSecretaría de Estado de Educación y Cultura10aEstadísticas e indicadores de educación 1996 - 1997 /cpresentación Ligia A. Melo de Cardona. aSanto Domingo :bOficina de Planificación Educativa,c1998.fCentenario a121 cm. :bil., gráf. ;c28 cm. 4aEducaciónzRepública Dominicanay1998-1999vEstadísticas 7aEducación y estadozRepública Dominicana1 aMelo de Cardona, Ligia A.